=LDR 00000nam 2200000 4500 =001 INLIS000000000027863 =005 20130612130216 =008 ***********************************Ind** =035 ##$$0010-061300000027863 =041 ##$$a Ind =082 ##$$a 636.537 =090 ##$$a 636.537, Suh b =100 ##$$a Suharno, Bambang =245 ##$$a Beternak itik secara intensif, Bambang suharno dan Khairil Amri =260 ##$$a 1997 $b Jakarta =300 ##$$a viii,115 hlm, ilus, 20 cm =650 ##$$a Itik-Beternak =700 ##$$a Amri, Khairul =850 ##$$a NBPNMAT =990 ##$$a 91324/BPAP-NTB/2014 =990 ##$$a 0001/BPAP-NTB/20142015